000 00731nam a2200277 i 4500
001 000007207
003 DO-SdBNP
005 20250807133737.0
007 ta
008 250807s1995 dr 001 0 spa d
040 _aDO-SdBNP
_bspa
_cBNPHU
_erda
041 _asp
082 _axxx
_bF635c
_222
100 1 _aFloristán,Casiano
_eautor
_91039
245 1 0 _aCuaresma-pascua /
_cCasiano Floristán
264 _aSanto Domingo :
_bFotomecánica,
_c1995
300 _a79 páginas ;
_c23 cm.
336 _ardacontent
_btexto
_2txt
337 _ardamedia
_bsin mediación
_2n
338 _ardacarrier
_bvolumen
_2nc
590 _aInventariado, 2025/DG
650 _919997
830 _919998
910 _aDG
942 _2ddc
_cLBS1
999 _c59734
_d59734